000 nam a22 7a 4500
999 _c51898
_d51898
003 OSt
005 20220520130653.0
008 220520b xxu||||| |||| 00| 0 eng d
040 _cIIMT UNIVERSITY MEERUT
100 _aSHARMA , MONIKA
245 _aGALLERY OF MEDICINAL PLANTS 9DRAVYAGUNA VIGYAN)
250 _a1ST
260 _aNOIDA
_bTHIEME
_c18-05-2022
300 _a972
942 _2ddc
_c01